000
00327nam a2200133Ia 4500
999
_c
6747
_d
6747
003
OSt
008
191201s2018 xx 000 0 und d
100
_a
GUPTA, Archana Gorodia
245
0
_a
History of India for Children Vol II
260
_b
HACHETTE INDIA
_c
2018
300
_a
393
650
_a
General Books
942
_2
ddc
_c
BK